Queen Songs With a Billion Streams - Sudden Death - Statistics

General Stats
  • This quiz has been taken 568 times
    7 since last reset
  • The average score is 2 of 8
Answers on the Grid
Answers color-coded by a green-red scale on the quiz's grid according to % correct below.
Another One Bites The Dust
Bicycle Race
Bohemian Rhapsody
Cool Cat
Crazy Little Thing Called Love
Don't Stop Me Now
Fat Bottomed Girls
I Want It All
I Want To Break Free
Innuendo
Killer Queen
Love Of My Life
One Vision
Radio Ga Ga
Save Me
Somebody To Love
The March Of The Black Queen
The Miracle
The Show Must Go On
Tie Your Mother Down
Under Pressure
We Are The Champions
We Will Rock You
You're My Best Friend
 
Answer Stats
Answer % Correct
Bohemian Rhapsody
80%
Another One Bites The Dust
60%
Don't Stop Me Now
20%
Killer Queen
20%
Somebody To Love
20%
Crazy Little Thing Called Love
0%
Under Pressure
0%
We Will Rock You
0%
No matching quizzes found
Score Distribution
Percent of People with Each Score
Percentile by Number Answered
Your Score History
You have not taken this quiz since the last reset